| 000 | 01682nam2a22002291 4500 | ||
|---|---|---|---|
| 001 | rc\322454 | ||
| 005 | 20250621064202.0 | ||
| 035 | _a(NLR Aleph) 005631604 | ||
| 090 |
_a6580448 _c6580448 |
||
| 100 | _a20030307d1989 |||y0rusy50 ca | ||
| 101 | 0 | _arus | |
| 102 | _aRU | ||
| 105 | _ay ||||||||| | ||
| 200 | 0 |
_a... по состоянию на 31.12.87 _f[Сост. Н.Н. Грунина и др. _gРед. В.В. Орлова] |
|
| 210 |
_d1989 _aБ. м. |
||
| 215 | _a128 с. | ||
| 461 | 0 |
_1001rc\322453 _12001#$aУказатель действующих отраслевых стандартов на технологическое оборудование для легкой промышленности, агропромышленного комплекса, торговли и общественного питания и электробытовых машин и приборов...$fМежотрасл. отд-ние ВНИИторгмаша$v... по состоянию на 31.12.87 _96580440 _cМ. _d1989 _fМежотрасл. отд-ние ВНИИторгмаша _nМежотрасл. отд-ние ВНИИторгмаш _tУказатель действующих отраслевых стандартов на технологическое оборудование для легкой промышленности, агропромышленного комплекса, торговли и общественного питания и электробытовых машин и приборов... _v... по состоянию на 31.12.87 |
|
| 801 | 0 |
_aRU _bNLR _gpsbo |
|
| 801 | 1 |
_aRU _bELAR _2rusmarc |
|
| 852 |
_aNLR _bПт _j10.1/1162-1987 |
||
| 942 | _cBOOK | ||
| 980 | _aNB | ||